Name the State Each Brewery is In Quiz Stats

Quiz not verified by Sporcle

Challenge
Share
Tweet
Embed
Score 0/33 Timer 10:00
0 Plays Today
Brewery State % Correct
Maine Beer CompanyMaine (Freeport, ME)
88.1%
Alaskan Brewing CompanyAlaska (Juneau, AK)
87.1%
Kona Brewing CompanyHawaii (Kailua-Kona, HI)
86.1%
Austin EastcidersTexas (Austin, TX)
75.2%
Goose IslandIllinois (Chicago, IL)
71.3%
Dogfish Head BreweryDelaware (Milton, DE)
68.3%
Rogue Ales BreweryOregon (Newport, OR)
67.3%
New Belgium Brewing CompanyColorado (Fort Collins, CO)
67.3%
Stone BrewingCalifornia (Escondido, CA)
66.3%
Russian River Brewing CompanyCalifornia (Santa Rosa, CA)
66.3%
Abita Brewing CompanyLouisiana (Covington, LA)
64.4%
Bell's BreweryMichigan (Kalamazoo, MI)
63.4%
Ballast Point Brewing CompanyCalifornia (San Diego, CA)
57.4%
Founders Brewing CompanyMichigan (Grand Rapids, MI)
52.5%
Victory Brewing CompanyPennsylvania (Downington, PA)
51.5%
Cigar City BrewingFlorida (Tampa, FL)
50.5%
3 Floyds Brewing Co.Indiana (Munster, IN)
48.5%
Brewery State % Correct
Redhook Ale BreweryWashington (Seattle, WA)
47.5%
Boulevard Brewing Co.Missouri (Kansas City, MO)
46.5%
Tröegs Brewing CompanyPennsylvania (Hershey, PA)
38.6%
Sixpoint BreweryNew York (Brooklyn, NY)
36.6%
The Alchemist BreweryVermont (Waterbury, VT)
35.6%
Yazoo Brewing CompanyTennessee (Nashville, TN)
30.7%
Blue Point Brewing CompanyNew York (Patchogue, NY)
29.7%
Trillium Brewing CompanyMassachusetts (Boston, MA)
27.7%
Tree House Brewing CompanyMassachusetts (Monson, MA)
25.7%
Deep Ellum Brewing Co.Texas (Dallas, TX)
25.7%
Breakside BreweryOregon (Portland, OR)
21.8%
Highland Brewing CompanyNorth Carolina (Asheville, NC)
21.8%
SingleCut BeersmithsNew York (Astoria, NY)
20.8%
Ellis Island Casino & BreweryNevada (Las Vegas, NV)
20.8%
Two Roads Brewing Co.Connecticut (Stratford, CT)
18.8%
Madison River Brewing CompanyMontana (Belgrade, MT)
10.9%

You're not logged in!

Compare scores with friends on all Sporcle quizzes.
Join for Free
OR
Log In

You Might Also Like...

Show Comments

Extras

Top Quizzes Today


Score Distribution

Your Account Isn't Verified!

In order to create a playlist on Sporcle, you need to verify the email address you used during registration. Go to your Sporcle Settings to finish the process.

Report this User

Report this user for behavior that violates our Community Guidelines.

Details: